Violeta, el hada violeta / (Record no. 20912)

MARC details
000 -LEADER
fixed length control field 01002cam a2200301Ka 4500
001 - CONTROL NUMBER
control field 779630811
003 - CONTROL NUMBER IDENTIFIER
control field OCoLC
005 - DATE AND TIME OF LATEST TRANSACTION
control field 20180620213505.0
008 - FIXED-LENGTH DATA ELEMENTS--GENERAL INFORMATION
fixed length control field 120309s2011 nyua j 000 1 spa d
020 ## - INTERNATIONAL STANDARD BOOK NUMBER
International Standard Book Number 9780545384964
020 ## - INTERNATIONAL STANDARD BOOK NUMBER
International Standard Book Number 0545384966
035 ## - SYSTEM CONTROL NUMBER
System control number (OCoLC)779630811
040 ## - CATALOGING SOURCE
Original cataloging agency Y38
Transcribing agency Y38
Modifying agency OCLCA
-- FIU
-- CoBoFLC
041 ## - LANGUAGE CODE
Language code of text/sound track or separate title spa
Language code of original eng
100 1# - MAIN ENTRY--PERSONAL NAME
Personal name Meadows, Daisy.
245 10 - TITLE STATEMENT
Title Violeta, el hada violeta /
Statement of responsibility, etc. por Daisy Meadows ; ilustrado por Georgie Ripper. ; translated by Mar©Øia Cristina Chang.
260 ## - PUBLICATION, DISTRIBUTION, ETC. (IMPRINT)
Place of publication, distribution, etc. New York :
Name of publisher, distributor, etc. Scholastic,
Date of publication, distribution, etc. 2011.
300 ## - PHYSICAL DESCRIPTION
Extent 71 p. :
Other physical details ill. ;
Dimensions 20 cm.
440 #4 - SERIES STATEMENT/ADDED ENTRY--TITLE
Title Las hadas del arco iris.
500 ## - GENERAL NOTE
General note Translation of: Violet, the violet fairy.
521 ## - TARGET AUDIENCE NOTE
Target audience note Nivel de lectura 2: 6-9 a©Þnos = Reading level 2: 6-9 years.
650 #0 - SUBJECT ADDED ENTRY--TOPICAL TERM
Topical term or geographic name as entry element Fairies
Form subdivision Juvenile fiction.
650 #0 - SUBJECT ADDED ENTRY--TOPICAL TERM
Topical term or geographic name as entry element Colors
Form subdivision Juvenile fiction.
655 #1 - INDEX TERM--GENRE/FORM
Genre/form data or focus term Spanish language materials.
700 1# - ADDED ENTRY--PERSONAL NAME
Personal name Ripper, Georgie,
Relator term ill.
700 1# - ADDED ENTRY--PERSONAL NAME
Personal name Chang, Maria Cristina.
942 ## - ADDED ENTRY ELEMENTS (KOHA)
Koha item type Libro/Book
Source of classification or shelving scheme Dewey Decimal Classification
Holdings
Withdrawn status Lost status Damaged status Not for loan Home library Current library Date acquired Total Checkouts Barcode Date last seen Date checked out Price effective from Koha item type
        San Juan Del Sur -- Biblioteca San Juan Del Sur -- Biblioteca 13/06/2014 17 30005144 19/05/2016 16/05/2016 13/06/2014 Libro/Book

Powered by Koha